| 000 | 00914nac a22002531u 4500 | ||
|---|---|---|---|
| 010 | _a 2002018488 | ||
| 020 | _a0201770377 | ||
| 035 | _a(DLC) 2002018488 | ||
| 082 | 0 | 0 |
_a337 _bK943 |
| 090 |
_c2610 _d2610 |
||
| 100 | _aKrugman, Paul R. | ||
| 245 | 1 | 0 |
_aInternational economics : _btheory and policy / _cPaul R. Krugman, Maurice Obstfeld. |
| 250 | _a6th ed. | ||
| 260 |
_aBoston : _bAddison Wesley,2003 _c2003. |
||
| 300 |
_axxix, 754 p. : _bcol. ill., maps ; _c25 cm. |
||
| 440 | 4 | _aThe Addison-Wesley series in economics | |
| 500 | _aMaps on lining papers. | ||
| 504 | _aIncludes bibliographical references and index. | ||
| 650 | 0 | _aInternational economic relations. | |
| 650 | 0 | _aInternational finance. | |
| 700 | 1 | _aObstfeld, Maurice. | |
| 942 |
_cBB _k337 K943 |
||
| 999 |
_c2610 _d2610 |
||